000 00562nam a22001817a 4500
003 UA-OsUOA
001 16961
007 ta
008 20040204b un ||||| |||| 00| 0 ukr d
100 _aБасараба В.
942 _cSA
040 _aUA-OsUOA
_cUA-OsUOA
_dUA-OsUOA
245 _aСвято соборності України урочисто відзначили на Рівненщині
300 _aС.2
955 _a0
773 0 _w0
_tВільне слово
_dРівне
_d2004
_g№8/28 січ./
650 7 _aКраєзнавча робота
_2UDC
999 _c303129
_d303129